| 000 | 00000nam##2200000za#4500 |
| 001 | 9.642541 |
| 003 | CaOODSP |
| 005 | 20210624223744 |
| 007 | cr ||||||||||| |
| 008 | 150407|1996||||xxc|||||o f|0| 0 fre|d |
| 040 | |aCaOODSP|bfre |
| 043 | |an-cn--- |
| 086 | 1 |aM22-123/1996F-PDF |
| 110 | 1 |aCanada. |bRessources naturelles Canada. |
| 245 | 10|aRéponse du gouvernement fédéral au rapport provisoire du Comité permanent des ressources naturelles intitulé : |h[ressource électronique]|brationalisation de la réglementation environnementale régissant l'exploitation minière |
| 260 | |aOttawa - Ontario : |bRessources naturelles Canada |c1996. |
| 300 | |a28p. |
| 500 | |aDéposée à la Chambre des communes. |
| 500 | |aLe n° de catalogue (M22-123/1996) et l'ISBN (0-662-62442-4) de l'édition imprimée bilingue ont été incorrectement copiés dans la publication électronique. |
| 590 | |a13-24-Supp|b2013-10-18 |
| 691 | 07|aIndustrie minière|2gcpds |
| 775 | 08|tThe federal governments's response to the interim report of the Standing Committee on Natural Resources : |w(CaOODSP)9.698534 |
| 776 | 0#|tThe federal governments's response to the interim report of the Standing Committee on Natural Resources: Streamlining environmental regulation for mining / |w(CaOODSP)9.658563 |
| 776 | 0#|tRéponse du gouvernement fédéral au rapport provisoire du Comité permanent des ressources naturelles intitulé Rationalisation de la réglementation environnementale régissant l'exploitation minière / |w(CaOODSP)9.658564 |
| 856 | 40|ahttp://publications.gc.ca|qPDF|s78 Ko|uhttps://publications.gc.ca/collections/collection_2013/rncan-nrcan/M22-123-1996-fra.pdf |